[Event "Brasschaat op 18th"]
[Site "Brasschaat"]
[Date "2018.08.18"]
[Round "1"]
[White "Dgebuadze, Alexandre"]
[Black "Demarre, Jan"]
[Result "1-0"]
[WhiteElo "2505"]
[BlackElo "1741"]
[PlyCount "43"]
[EventDate "2018.08.18"]
[EventType "swiss"]
[EventRounds "9"]
[EventCountry "BEL"]
[SourceTitle "CBM 186 Extra"]
[Source "ChessBase"]
[SourceDate "2018.08.24"]
[SourceVersion "1"]
[SourceVersionDate "2018.08.24"]
[SourceQuality "1"]

1. e4 e5 2. Bc4 Nc6 3. d3 Nf6 4. Nc3 Be7 5. a3 d6 6. Nge2 0-0 7. 0-0 Be6 8. Nd5 h6 9. f4 Bg4 10. h3 Bxe2 11. Qxe2 Nd4 12. Nxe7+ Qxe7 13. Qf2 Nc6 14. Ba2 Nh5 15. fxe5 Nxe5 16. Bd2 Qf6 17. Qxf6 Nxf6 18. Rf5 Ned7 19. Raf1 Rae8 20. g4 Re5 21. R5f2 c6 22. Bf4 1-0

[Event "Brasschaat op 17th"]
[Site "Brasschaat"]
[Date "2017.08.23"]
[Round "5"]
[White "Vande Velde, Erik"]
[Black "Demarre, Jan"]
[Result "1-0"]
[WhiteElo "1894"]
[BlackElo "1761"]
[PlyCount "58"]
[EventDate "2017.08.19"]
[EventType "swiss"]
[EventRounds "9"]
[EventCountry "BEL"]
[SourceTitle "CBM 180 Extra"]
[Source "ChessBase"]
[SourceDate "2017.10.06"]
[SourceVersion "1"]
[SourceVersionDate "2017.10.06"]
[SourceQuality "1"]

1. e4 g6 2. d4 Bg7 3. Nf3 d6 4. Bc4 Nf6 5. Qe2 0-0 6. 0-0 c6 7. Bb3 Be6 8. Bxe6 fxe6 9. e5 Nd5 10. Qe4 Nc7 11. a4 Nba6 12. c3 d5 13. Qh4 Rf5 14. Bg5 Qe8 15. Nbd2 h6 16. Be3 g5 17. Qg3 Qh5 18. h4 gxh4 19. Nxh4 Rf7 20. Qh3 Rff8 21. g4 Qf7 22. f4 b6 23. f5 c5 24. Ng6 cxd4 25. cxd4 Rfe8 26. Bxh6 exf5 27. gxf5 e6 28. Rf2 exf5 29. Bxg7 Nb8 1-0

[Event "Brasschaat op 17th"]
[Site "Brasschaat"]
[Date "2017.08.20"]
[Round "2"]
[White "Du Pont, David"]
[Black "Demarre, Jan"]
[Result "1/2-1/2"]
[WhiteElo "2074"]
[BlackElo "1761"]
[PlyCount "53"]
[EventDate "2017.08.19"]
[EventType "swiss"]
[EventRounds "9"]
[EventCountry "BEL"]
[SourceTitle "CBM 180 Extra"]
[Source "ChessBase"]
[SourceDate "2017.10.06"]
[SourceVersion "1"]
[SourceVersionDate "2017.10.06"]
[SourceQuality "1"]

1. Nf3 d5 2. g3 Nf6 3. Bg2 e6 4. 0-0 c5 5. d3 Nc6 6. Nbd2 Bd6 7. e4 0-0 8. Re1 Bc7 9. a3 b6 10. b4 Bb7 11. b5 Ne5 12. Bb2 Nxf3+ 13. Qxf3 d4 14. Nc4 e5 15. Bh3 Bc8 16. Bxc8 Qxc8 17. a4 Qd7 18. Bc1 a5 19. Kh1 Qe6 20. Rg1 Ne8 21. Qe2 Nd6 22. Bd2 Nxc4 23. dxc4 Rad8 24. Rg2 Rd7 25. Qd3 f5 26. Re1 Rdf7 27. exf5 1/2-1/2